000
00256nam a2200109Ia 4500
008
230320s9999||||xx |||||||||||||| ||spa||
082
_a
862.5/T41/1960
100
_a
Terencio Afer, Publio
245
0
_a
Teatro Completo
260
_b
AGUILAR
942
_8
0
_c
LIB
999
_c
32389
_d
32389